000 00388pab a2200169 454500
008 180718b2013 xxu||||| |||| 00| 0 eng d
100 _aTiwari, K.N.
245 _aFood security - a remedy for malnutrition
260 _c2013
300 _ap.19-23.
362 _aNov
650 _aMalnutrition
650 _aFood supply
773 _aKurukshetra
908 _aN
909 _a101796
999 _c101794
_d101794